Các học thuyết của nền kinh tế thị trường : Tài liệu tham khảo
Các học thuyết, trường phái lớn của các học thuyết kinh tế thị trường. Nền kinh tế thị trường xã hội.
Gorde:
| Egile nagusia: | |
|---|---|
| Formatua: | Liburua |
| Hizkuntza: | Undetermined |
| Argitaratua: |
Hà Nội
Khoa học và kỹ thuật
1998
|
| Gaiak: | |
| Etiketak: |
Etiketa erantsi
Etiketarik gabe, Izan zaitez lehena erregistro honi etiketa jartzen!
|
| Thư viện lưu trữ: | Trung tâm Học liệu Trường Đại học Cần Thơ |
|---|
| LEADER | 00759nam a2200205Ia 4500 | ||
|---|---|---|---|
| 001 | CTU_153973 | ||
| 008 | 210402s9999 xx 000 0 und d | ||
| 020 | |c 145000 | ||
| 082 | |a 330.1 | ||
| 082 | |b Ph561 | ||
| 100 | |a Việt, Phương | ||
| 245 | 0 | |a Các học thuyết của nền kinh tế thị trường : | |
| 245 | 0 | |b Tài liệu tham khảo | |
| 245 | 0 | |c Việt Phương | |
| 260 | |a Hà Nội | ||
| 260 | |b Khoa học và kỹ thuật | ||
| 260 | |c 1998 | ||
| 520 | |a Các học thuyết, trường phái lớn của các học thuyết kinh tế thị trường. Nền kinh tế thị trường xã hội. | ||
| 650 | |a Economics | ||
| 980 | |a Trung tâm Học liệu Trường Đại học Cần Thơ | ||